| 000 | 01869nam a22001577a 4500 | ||
|---|---|---|---|
| 041 | _aukr | ||
| 080 | _a09 | ||
| 090 | _bЮЩИ | ||
| 100 | _aЮщик Ю.Г. | ||
| 245 | _aНатуралістична школа в американській драматургії 20 століття (Артур Міллер та Теннессі Уїльямс) | ||
| 260 |
_aОстрог _bКАФ _c2010 |
||
| 300 | _a83 | ||
| 520 |
_aВСТУП
РОЗДІЛ 1 ІСТОРІЯ І ТЕОРІЯ СТИЛЮ НАТУРАЛІЗМУ В ДРАМАТУРГІЇ
1.1 Натуралізм як естетична система та творчий стиль.
1.2 Метаморфози жанру трагедії від античності до модернізму.
1.3 Жанрова характеристика драми А.Міллера та Т.Уїльямса.
РОЗДІЛ 2 СТИЛЬОВІ ОСОБЛИВОСТІ ТРАГЕДІЙ АРТУРА МІЛЛЕРА "СМЕРТЬ КОМІВОЯЖЕРА" ТА "ВСІ МОЇ СИНИ"
2.1 Зображення проблем людської екзистенції в трагедіях.
2.2 Лексико-стилістичні засоби вираження екзистенції персонажів.
2.3 Театральні рецензії пєси: спроба теоретичного синтезу.
РОЗДІЛ 2 СТИЛЬОВА МАНЕРА ДРАМ ТЕННЕССІ УЇЛЬЯМСА "СКЛЯНИЙ ЗВІРИНЕЦЬ ТА "ТРАМВАЙ БАЖАННЯ"
3.1 Психологічне моделювання драматичних характерів.
3.2 Хронотоп сюжету драм.
3.3 Естетика кіноекранізації пєс Т. Уїльямса.
ВИСНОВКИ _0натуралізм, драматургія, Міллер, Уїльямс |
||
| 650 | _aResearch Papers | ||
| 999 |
_c284285 _d284285 |
||
| 942 | _cBK | ||